Código civil: aprobada por decreto N§1278, de 29 de octubre de 1993, del Ministerio de Justicia
Salvato in:
| Natura: | Libro |
|---|---|
| Lingua: | spagnolo |
| Pubblicazione: |
Santiago
Jurídica de Chile
1996
|
| Edizione: | 12a. ed |
| Soggetti: | |
| Tags: |
Aggiungi Tag
Nessun Tag, puoi essere il primo ad aggiungerne!!
|
MARC
| LEADER | 00000nam a2200000 a 4500 | ||
|---|---|---|---|
| 001 | UCT5097 | ||
| 003 | CL-VaPUC | ||
| 008 | 961129e19960000CL |||||||||||||||||spa|d | ||
| 082 | 0 | 4 | |a 346.83 |b COD |2 21 |
| 245 | 1 | 0 | |a Código civil: aprobada por decreto N§1278, de 29 de octubre de 1993, del Ministerio de Justicia |
| 250 | |a 12a. ed | ||
| 300 | |a 1031 p | ||
| 942 | |c BK | ||
| 945 | |d 19961129 00:00:00 |a rleighto | ||
| 260 | |a Santiago |b Jurídica de Chile |c 1996 | ||
| 650 | 0 | |a Código civil |9 256135 | |
| 650 | 0 | |a Derecho civil |9 255013 | |
| 651 | 7 | |a CHILE |2 CL-VaPUC |9 374384 | |
| 583 | |a last modification |c 19961129 00:00:00 |k Rodrigo Vera | ||
| 999 | |c 254117 |d 254115 | ||
| 952 | |0 0 |1 0 |4 0 |6 346_830000000000000_COD_1996 |7 0 |8 A |9 275525 |a BIBGIM |b BIBGIM |d 2019-11-19 |i 3254763 |o 346.83 COD 1996 |p 3254763 |r 2025-01-15 |w 2019-11-19 |y BK |k COM | ||
| 952 | |0 0 |1 0 |2 ddc |4 0 |6 346_830000000000000_COD_1996 |7 0 |8 FOND_LRYV |9 275526 |a BIBDER |b BIBDER |d 2019-11-19 |i 3263487 |o 346.83 COD 1996 |p 3263487 |r 2023-01-25 |w 2019-11-19 |y BK_X |k DER | ||